| 000 | 00668 a2200205 4500 | ||
|---|---|---|---|
| 999 |
_c9076 _d9076 |
||
| 020 | _a9781846611964 | ||
| 050 | _aKF3300 ALL 2012 | ||
| 100 |
_aAllen Robin QC _eauthor |
||
| 245 |
_aFamily rights at work : _ba guide to employment law / _cRobin Allen QC & Rachel Crasnow |
||
| 264 |
_aBristol BS1 : _bJordans, _c2012. |
||
| 300 | _a520p. : | ||
| 440 | _aJordans employment law series | ||
| 500 | _aIncludes index | ||
| 650 | _aLabor laws and legislation -- Great Britain. | ||
| 650 | _aWork and family -- Great Britain. | ||
| 650 | _aLabor laws and legislation. | ||
| 651 | _aGreat Britain | ||
| 700 |
_aCrasnow, Rachel _eauthor |
||
| 942 |
_2lcc _cBK _h3300 _iALL _kKF |
||